000 00356nam a2200157Ia 4500
003 OSt
005 20240412125019.0
008 170524s9999 xx 000 0 und d
020 _a978-1259026713
040 _cIIMT UNIVERSITY
100 _a u Briem James
245 0 _aMANAGEMENT INFORMATION SYSTEM
260 _bTMH
260 _c2009
942 _2ddc
_c02
999 _c5604
_d5604